[Event "DVM U14 2019"]
[Site "Magdeburg GER"]
[Date "2019.12.28"]
[Round "3"]
[White "Gerber, Anna Sophie"]
[Black "Joppich, Til"]
[Result "0-1"]
[Termination "normal"]
[Board "2.4"]
[WhiteElo "1513"]
[BlackElo "1916"]
[WhiteClock "00:06:44"]
[BlackClock "00:06:32"]
[WhiteTeam "ESV Gera"]
[BlackTeam "Schachzwerge Magdeburg"]
[PlyCount "150"]
[WhiteFideId "16270231"]
[BlackFideId "16232917"]
[EventCountry "GER"]
[EventRounds "7"]
[EventType "team-swiss"]
[EventDate "2019.12.26"]

1. d4 {[%clk 1:30:59]} Nf6 {[%clk 1:30:42]} 2. Nf3 {[%clk 1:31:12]} g6 {[%clk
1:30:58]} 3. c4 {[%clk 1:31:20]} Bg7 {[%clk 1:30:40]} 4. Nc3 {[%clk 1:31:07]}
O-O {[%clk 1:29:35]} 5. g3 {[%clk 1:30:32]} d6 {[%clk 1:29:24]} 6. Bg2 {[%clk
1:30:36]} c6 {[%clk 1:29:44]} 7. O-O {[%clk 1:30:21]} Qa5 {[%clk 1:27:59]} 8.
e4 {[%clk 1:24:58]} e5 {[%clk 1:19:56]} 9. d5 {[%clk 1:19:43]} cxd5 {[%clk
1:18:52]} 10. exd5 {[%clk 1:18:44]} Bg4 {[%clk 1:11:06]} 11. h3 {[%clk
1:12:12]} Bxf3 {[%clk 1:11:18]} 12. Qxf3 {[%clk 1:02:40]} Nbd7 {[%clk 1:09:52]}
13. Bd2 {[%clk 0:56:41]} Rac8 {[%clk 1:03:21]} 14. b3 {[%clk 0:53:00]} a6
{[%clk 0:54:44]} 15. Qd1 {[%clk 0:43:47]} Qc7 {[%clk 0:49:29]} 16. Rc1 {[%clk
0:37:27]} Rfe8 {[%clk 0:47:05]} 17. Re1 {[%clk 0:35:40]} Nh5 {[%clk 0:42:53]}
18. Bf3 {[%clk 0:28:14]} Ndf6 {[%clk 0:36:48]} 19. Be3 {[%clk 0:24:44]} Qd7
{[%clk 0:25:16]} 20. Kh2 {[%clk 0:22:37]} e4 {[%clk 0:18:11]} 21. Bg2 {[%clk
0:20:34]} Qf5 {[%clk 0:13:45]} 22. Ne2 {[%clk 0:15:29]} Nd7 {[%clk 0:11:09]}
23. Nd4 {[%clk 0:13:56]} Qe5 {[%clk 0:09:59]} 24. Qd2 {[%clk 0:11:58]} Nc5
{[%clk 0:08:20]} 25. Bf1 {[%clk 0:11:03]} f5 {[%clk 0:05:23]} 26. Be2 {[%clk
0:09:32]} Nf6 {[%clk 0:04:18]} 27. Bf4 {[%clk 0:07:29]} Ng4+ {[%clk 0:04:18]}
28. hxg4 {[%clk 0:07:02]} Qxd4 {[%clk 0:04:44]} 29. Qxd4 {[%clk 0:07:04]} Bxd4
{[%clk 0:05:10]} 30. Be3 {[%clk 0:05:37]} Bxe3 {[%clk 0:04:38]} 31. fxe3 {[%clk
0:06:05]} Nd7 {[%clk 0:04:16]} 32. gxf5 {[%clk 0:06:03]} gxf5 {[%clk 0:04:39]}
33. Rf1 {[%clk 0:06:06]} Re5 {[%clk 0:04:30]} 34. g4 {[%clk 0:05:44]} Rf8
{[%clk 0:04:27]} 35. gxf5 {[%clk 0:05:29]} Rexf5 {[%clk 0:03:29]} 36. Rxf5
{[%clk 0:05:35]} Rxf5 {[%clk 0:03:54]} 37. Bg4 {[%clk 0:05:44]} Rf2+ {[%clk
0:01:43]} 38. Kg3 {[%clk 0:05:51]} Ne5 {[%clk 0:02:09]} 39. Kxf2 {[%clk
0:05:28]} Nd3+ {[%clk 0:02:31]} 40. Kg3 {[%clk 0:04:47]} Nxc1 {[%clk 0:02:56]}
41. Bf5 {[%clk 0:03:53]} Ne2+ {[%clk 0:01:57]} 42. Kf2 {[%clk 0:03:26]} Nc3
{[%clk 0:02:18]} 43. a4 {[%clk 0:02:14]} a5 {[%clk 0:02:02]} 44. Ke1 {[%clk
0:01:38]} b6 {[%clk 0:01:09]} 45. Kd2 {[%clk 0:01:15]} Na2 {[%clk 0:01:31]} 46.
Bxe4 {[%clk 0:01:16]} Nb4 {[%clk 0:01:09]} 47. Bf5 {[%clk 0:25:07]} Na6 {[%clk
0:30:30]} 48. Ke2 {[%clk 0:24:18]} Nc5 {[%clk 0:30:15]} 49. Bc2 {[%clk
0:24:20]} Kg7 {[%clk 0:30:25]} 50. Kf3 {[%clk 0:23:54]} h6 {[%clk 0:27:36]} 51.
Kf4 {[%clk 0:23:23]} Kf6 {[%clk 0:27:52]} 52. Bd1 {[%clk 0:20:28]} Nd3+ {[%clk
0:27:44]} 53. Kf3 {[%clk 0:19:15]} Kg5 {[%clk 0:27:46]} 54. Kg3 {[%clk
0:17:50]} h5 {[%clk 0:27:36]} 55. Be2 {[%clk 0:15:13]} Nc5 {[%clk 0:26:20]} 56.
Bd1 {[%clk 0:14:59]} Nd7 {[%clk 0:24:28]} 57. e4 {[%clk 0:11:25]} Ne5 {[%clk
0:23:54]} 58. Be2 {[%clk 0:10:30]} Nd7 {[%clk 0:23:26]} 59. Bd1 {[%clk
0:10:20]} Nc5 {[%clk 0:22:04]} 60. Bc2 {[%clk 0:10:23]} Nd7 {[%clk 0:14:55]}
61. Bd1 {[%clk 0:09:38]} Ne5 {[%clk 0:10:43]} 62. Be2 {[%clk 0:08:44]} h4+
{[%clk 0:08:26]} 63. Kh3 {[%clk 0:08:39]} Ng6 {[%clk 0:08:45]} 64. Bd1 {[%clk
0:07:16]} Nf4+ {[%clk 0:08:47]} 65. Kh2 {[%clk 0:07:38]} Kf6 {[%clk 0:08:34]}
66. Kg1 {[%clk 0:06:08]} Ke5 {[%clk 0:08:49]} 67. Bf3 {[%clk 0:06:04]} Nh3+
{[%clk 0:06:20]} 68. Kh2 {[%clk 0:05:04]} Ng5 {[%clk 0:06:44]} 69. Bg2 {[%clk
0:05:08]} Nxe4 {[%clk 0:04:23]} 70. Bxe4 {[%clk 0:05:23]} Kxe4 {[%clk 0:04:46]}
71. Kh3 {[%clk 0:05:48]} Kd4 {[%clk 0:05:05]} 72. Kxh4 {[%clk 0:06:07]} Kc3
{[%clk 0:05:28]} 73. Kg5 {[%clk 0:06:17]} Kxb3 {[%clk 0:05:49]} 74. Kf6 {[%clk
0:06:34]} Kxc4 {[%clk 0:06:12]} 75. Ke6 {[%clk 0:06:44]} Kc5 {[%clk 0:06:32]}
0-1

[Event "DVM U14 2019"]
[Site "Magdeburg GER"]
[Date "2019.12.28"]
[Round "3"]
[White "Gutewort, Paul Emil"]
[Black "Gallasch, Jonas"]
[Result "0-1"]
[Termination "normal"]
[Board "3.1"]
[WhiteElo "1714"]
[BlackElo "2107"]
[WhiteClock "00:02:56"]
[BlackClock "00:11:32"]
[WhiteTeam "Schachfreunde Nordost Berlin"]
[BlackTeam "Schachgemeinschaft Porz e. V."]
[PlyCount "66"]
[WhiteFideId "16204182"]
[BlackFideId "16222474"]
[EventCountry "GER"]
[EventRounds "7"]
[EventType "team-swiss"]
[EventDate "2019.12.26"]

1. c4 {[%clk 1:30:48]} Nf6 {[%clk 1:30:37]} 2. g3 {[%clk 1:31:10]} g6 {[%clk
1:30:47]} 3. Bg2 {[%clk 1:31:34]} Bg7 {[%clk 1:31:10]} 4. Nc3 {[%clk 1:31:51]}
d6 {[%clk 1:31:26]} 5. d3 {[%clk 1:31:57]} O-O {[%clk 1:31:20]} 6. a3 {[%clk
1:32:21]} Nbd7 {[%clk 1:29:51]} 7. e4 {[%clk 1:32:02]} e5 {[%clk 1:28:57]} 8.
Nge2 {[%clk 1:32:22]} a6 {[%clk 1:24:38]} 9. O-O {[%clk 1:32:04]} b5 {[%clk
1:23:43]} 10. h3 {[%clk 1:26:23]} Bb7 {[%clk 1:19:05]} 11. Qc2 {[%clk 1:22:31]}
c6 {[%clk 1:16:41]} 12. f4 {[%clk 1:09:20]} Qb6+ {[%clk 0:58:50]} 13. Kh2
{[%clk 1:06:31]} a5 {[%clk 0:56:57]} 14. Nd1 {[%clk 0:59:00]} a4 {[%clk
0:55:13]} 15. Be3 {[%clk 0:58:56]} Qa6 {[%clk 0:55:12]} 16. Rc1 {[%clk
0:56:51]} Rfe8 {[%clk 0:45:57]} 17. Re1 {[%clk 0:47:29]} d5 {[%clk 0:40:19]}
18. cxd5 {[%clk 0:33:23]} cxd5 {[%clk 0:40:34]} 19. Nf2 {[%clk 0:28:57]} Rac8
{[%clk 0:36:39]} 20. Qb1 {[%clk 0:28:23]} Qa8 {[%clk 0:32:18]} 21. Rxc8 {[%clk
0:28:27]} Rxc8 {[%clk 0:32:07]} 22. fxe5 {[%clk 0:22:13]} Nxe5 {[%clk 0:30:24]}
23. Nc3 {[%clk 0:22:07]} dxe4 {[%clk 0:28:42]} 24. Nfxe4 {[%clk 0:22:11]} Nxe4
{[%clk 0:28:44]} 25. dxe4 {[%clk 0:18:45]} Qa5 {[%clk 0:27:26]} 26. Nd5 {[%clk
0:15:07]} Bxd5 {[%clk 0:26:33]} 27. exd5 {[%clk 0:15:31]} Nc4 {[%clk 0:26:58]}
28. Re2 {[%clk 0:09:51]} Re8 {[%clk 0:17:35]} 29. Bd2 {[%clk 0:05:52]} Qa8
{[%clk 0:13:50]} 30. Rxe8+ {[%clk 0:06:14]} Qxe8 {[%clk 0:14:16]} 31. Bc1
{[%clk 0:05:02]} Qe1 {[%clk 0:10:53]} 32. Qc2 {[%clk 0:03:53]} Bd4 {[%clk
0:11:08]} 33. h4 {[%clk 0:02:56]} Be5 {[%clk 0:11:32]} 0-1

[Event "DVM U14 2019"]
[Site "Magdeburg GER"]
[Date "2019.12.28"]
[Round "3"]
[White "Sabirov, Rafael"]
[Black "Reichmann, Felix"]
[Result "1/2-1/2"]
[Termination "normal"]
[Board "3.2"]
[WhiteElo "1668"]
[BlackElo "1791"]
[WhiteClock "00:12:46"]
[BlackClock "00:24:10"]
[WhiteTeam "Schachgemeinschaft Porz e. V."]
[BlackTeam "Schachfreunde Nordost Berlin"]
[PlyCount "42"]
[WhiteFideId "16241185"]
[BlackFideId "16238290"]
[EventCountry "GER"]
[EventRounds "7"]
[EventType "team-swiss"]
[EventDate "2019.12.26"]

1. e4 {[%clk 1:30:57]} c6 {[%clk 1:26:30]} 2. d4 {[%clk 1:31:21]} d6 {[%clk
1:26:55]} 3. Nc3 {[%clk 1:31:44]} Nd7 {[%clk 1:27:21]} 4. Be3 {[%clk 1:31:29]}
g6 {[%clk 1:26:53]} 5. Qd2 {[%clk 1:29:10]} Bg7 {[%clk 1:27:05]} 6. h4 {[%clk
1:28:15]} h6 {[%clk 1:26:37]} 7. Bd3 {[%clk 1:22:39]} Qc7 {[%clk 1:25:19]} 8.
f4 {[%clk 1:18:51]} Ngf6 {[%clk 1:05:56]} 9. e5 {[%clk 1:06:06]} Ng4 {[%clk
1:05:31]} 10. e6 Ndf6 11. exf7+ {[%clk 0:56:17]} Kxf7 {[%clk 1:05:10]} 12. Nf3
{[%clk 0:49:45]} Nxe3 {[%clk 1:04:11]} 13. Qxe3 {[%clk 0:49:33]} Bf5 {[%clk
1:03:18]} 14. Bxf5 {[%clk 0:35:25]} gxf5 {[%clk 1:03:37]} 15. O-O-O {[%clk
0:32:31]} e6 {[%clk 1:03:13]} 16. Nh2 {[%clk 0:30:44]} Rhg8 {[%clk 1:00:10]}
17. Rhg1 {[%clk 0:30:53]} Bh8 {[%clk 0:57:46]} 18. Qe2 {[%clk 0:26:13]} Ng4
{[%clk 0:56:57]} 19. Nf3 {[%clk 0:22:39]} Rae8 {[%clk 0:41:48]} 20. Rde1 {[%clk
0:20:26]} Qd7 {[%clk 0:26:16]} 21. Qd2 {[%clk 0:12:46]} Nf6 {[%clk 0:24:10]}
1/2-1/2

[Event "DVM U14 2019"]
[Site "Magdeburg GER"]
[Date "2019.12.28"]
[Round "3"]
[White "Beck, Felix"]
[Black "Kogan, Gabriel"]
[Result "1/2-1/2"]
[Termination "normal"]
[Board "3.3"]
[WhiteElo "1508"]
[BlackElo "1527"]
[WhiteClock "00:25:07"]
[BlackClock "00:24:47"]
[WhiteTeam "Schachfreunde Nordost Berlin"]
[BlackTeam "Schachgemeinschaft Porz e. V."]
[PlyCount "88"]
[WhiteFideId "16255364"]
[BlackFideId "16238265"]
[EventCountry "GER"]
[EventRounds "7"]
[EventType "team-swiss"]
[EventDate "2019.12.26"]

1. c4 {[%clk 1:30:58]} e5 {[%clk 1:30:50]} 2. g3 {[%clk 1:31:22]} Nf6 {[%clk
1:31:12]} 3. Bg2 {[%clk 1:31:47]} c6 {[%clk 1:31:32]} 4. e3 {[%clk 1:27:08]} d5
{[%clk 1:30:53]} 5. cxd5 {[%clk 1:13:10]} cxd5 {[%clk 1:28:49]} 6. d4 {[%clk
1:12:02]} e4 {[%clk 1:20:56]} 7. Nc3 {[%clk 1:11:41]} Nc6 {[%clk 1:15:11]} 8.
a3 {[%clk 1:10:31]} a6 {[%clk 1:11:33]} 9. Nge2 {[%clk 1:07:36]} Bd6 {[%clk
1:08:39]} 10. O-O {[%clk 1:06:34]} O-O {[%clk 1:08:19]} 11. Rb1 {[%clk
1:04:23]} Bf5 {[%clk 0:56:35]} 12. Ra1 {[%clk 0:55:54]} Rc8 {[%clk 0:54:34]}
13. f3 {[%clk 0:50:23]} Re8 {[%clk 0:41:26]} 14. fxe4 {[%clk 0:48:33]} Bxe4
{[%clk 0:41:22]} 15. Nxe4 {[%clk 0:48:45]} Nxe4 {[%clk 0:41:29]} 16. Bd2 {[%clk
0:40:53]} Qe7 {[%clk 0:40:29]} 17. Rf3 {[%clk 0:37:36]} h6 {[%clk 0:37:44]} 18.
Rc1 {[%clk 0:32:55]} Qg5 {[%clk 0:28:23]} 19. Nc3 {[%clk 0:29:32]} Nxd4 {[%clk
0:24:17]} 20. exd4 {[%clk 0:24:32]} Nxd2 {[%clk 0:24:14]} 21. Rf2 {[%clk
0:21:20]} Ne4 {[%clk 0:24:06]} 22. Bxe4 {[%clk 0:20:12]} dxe4 {[%clk 0:24:14]}
23. Qf1 {[%clk 0:18:46]} Rc7 {[%clk 0:17:41]} 24. Re1 {[%clk 0:18:04]} Rce7
{[%clk 0:17:19]} 25. Rfe2 {[%clk 0:17:57]} Qg6 {[%clk 0:15:46]} 26. Qg2 {[%clk
0:16:53]} f5 {[%clk 0:12:18]} 27. Nd5 {[%clk 0:15:07]} Re6 {[%clk 0:12:35]} 28.
Ne3 {[%clk 0:14:32]} Qf6 {[%clk 0:12:14]} 29. Nc2 {[%clk 0:13:35]} Kh7 {[%clk
0:09:11]} 30. g4 {[%clk 0:11:25]} g6 {[%clk 0:09:00]} 31. Rf2 {[%clk 0:08:45]}
f4 {[%clk 0:08:54]} 32. Rff1 {[%clk 0:08:15]} g5 {[%clk 0:08:25]} 33. d5 {[%clk
0:07:53]} Re5 {[%clk 0:08:11]} 34. Ne3 {[%clk 0:07:47]} Bc5 {[%clk 0:08:24]}
35. Kh1 {[%clk 0:08:14]} f3 {[%clk 0:06:34]} 36. Qc2 {[%clk 0:06:14]} Bxe3
{[%clk 0:05:00]} 37. Rxe3 {[%clk 0:06:30]} Qd6 {[%clk 0:04:54]} 38. Rexf3
{[%clk 0:06:00]} Rxd5 {[%clk 0:02:05]} 39. Rf6 {[%clk 0:01:27]} Qc5 {[%clk
0:00:37]} 40. Qxc5 {[%clk 0:00:52]} Rxc5 {[%clk 0:01:04]} 41. Rf7+ {[%clk
0:00:38]} Kg8 {[%clk 0:01:26]} 42. Rxb7 {[%clk 0:00:33]} Rf8 {[%clk 0:29:22]}
43. Re1 {[%clk 0:27:59]} Re8 {[%clk 0:26:01]} 44. Rd1 {[%clk 0:25:07]} Rb5
{[%clk 0:24:47]} 1/2-1/2

[Event "DVM U14 2019"]
[Site "Magdeburg GER"]
[Date "2019.12.28"]
[Round "3"]
[White "Halabi, Ibrahim"]
[Black "Toval, David"]
[Result "1-0"]
[Termination "normal"]
[Board "4.1"]
[WhiteElo "1918"]
[BlackElo "1853"]
[WhiteTeam "SK Frankenthal"]
[BlackTeam "Schachklub Münster 32 e. V."]
[PlyCount "43"]
[WhiteFideId "16241754"]
[BlackFideId "12992755"]
[EventCountry "GER"]
[EventRounds "7"]
[EventType "team-swiss"]
[EventDate "2019.12.26"]

1. e4 c5 2. Nf3 d6 3. d4 cxd4 4. Nxd4 Nf6 5. Nc3 a6 6. Be2 e6 7. Be3 Be7 8. O-O
O-O 9. f4 b5 10. Bf3 Nfd7 11. e5 d5 12. Kh1 Nb6 13. b3 Qc7 14. Nce2 N8d7 15.
Bg4 Nc5 16. Ng3 Bh4 17. Qf3 Bd7 18. Rad1 Nc8 19. f5 Ne7 20. Nh5 exf5 21. Nxf5
Ne6 22. Nxh4 1-0

[Event "DVM U14 2019"]
[Site "Magdeburg GER"]
[Date "2019.12.28"]
[Round "3"]
[White "Schröder, Lennart"]
[Black "Schreidl, Michael"]
[Result "1-0"]
[Termination "normal"]
[Board "4.2"]
[WhiteElo "1863"]
[BlackElo "1632"]
[WhiteTeam "Schachklub Münster 32 e. V."]
[BlackTeam "SK Frankenthal"]
[PlyCount "61"]
[WhiteFideId "16222490"]
[BlackFideId "16265750"]
[EventCountry "GER"]
[EventRounds "7"]
[EventType "team-swiss"]
[EventDate "2019.12.26"]

1. d4 d5 2. c4 e6 3. Nf3 Nf6 4. g3 Be7 5. Bg2 O-O 6. O-O dxc4 7. Qc2 a6 8. Qxc4
b5 9. Qc2 Bb7 10. Bg5 Nd5 11. Bxe7 Qxe7 12. Nbd2 Nb4 13. Qc1 Rc8 14. Nb3 Bd5
15. Nfd2 Bxg2 16. Kxg2 Nd7 17. Ne4 e5 18. dxe5 Qxe5 19. Nec5 Nxc5 20. Qxc5 Qe4+
21. Kg1 Nd5 22. Rfd1 Nb6 23. Nd4 Nc4 24. Nc6 Re8 25. b3 Nd6 26. Nd4 Rac8 27. e3
Re7 28. a4 Re5 29. Qc6 Qxc6 30. Nxc6 Kf8 31. Nxe5 1-0

[Event "DVM U14 2019"]
[Site "Magdeburg GER"]
[Date "2019.12.28"]
[Round "3"]
[White "Yergin, Danyar"]
[Black "Kvantaliani, Saba"]
[Result "1-0"]
[Termination "normal"]
[Board "4.3"]
[WhiteElo "1428"]
[BlackElo "1523"]
[WhiteTeam "SK Frankenthal"]
[BlackTeam "Schachklub Münster 32 e. V."]
[PlyCount "55"]
[WhiteFideId "16243722"]
[BlackFideId "16284364"]
[EventCountry "GER"]
[EventRounds "7"]
[EventType "team-swiss"]
[EventDate "2019.12.26"]

1. e4 c5 2. f4 d5 3. exd5 Qxd5 4. Nc3 Qd8 5. Nf3 Nc6 6. Bb5 Bd7 7. O-O Nf6 8.
d3 e6 9. h3 a6 10. Bxc6 Bxc6 11. Be3 b5 12. a3 Qc7 13. Qe1 a5 14. Qf2 Rb8 15.
Bxc5 Bxf3 16. Bxf8 Bxg2 17. Bxg7 Rg8 18. Bxf6 Qc6 19. Kh2 Bxf1 20. Rxf1 b4 21.
axb4 axb4 22. Ne4 Ra8 23. Qc5 Qb7 24. Nd6+ Kd7 25. Nxb7 Ra2 26. Qd6+ Kc8 27.
Nc5 Ra7 28. Qc6+ 1-0

[Event "DVM U14 2019"]
[Site "Magdeburg GER"]
[Date "2019.12.28"]
[Round "3"]
[White "Tenbosch, Till Theo"]
[Black "Morgenthaler, Nick"]
[Result "1/2-1/2"]
[Termination "normal"]
[Board "4.4"]
[WhiteElo "1268"]
[BlackElo "1391"]
[WhiteTeam "Schachklub Münster 32 e. V."]
[BlackTeam "SK Frankenthal"]
[PlyCount "81"]
[WhiteFideId "16255461"]
[BlackFideId "16286138"]
[EventCountry "GER"]
[EventRounds "7"]
[EventType "team-swiss"]
[EventDate "2019.12.26"]

1. d4 d5 2. Bf4 Nf6 3. e3 Bf5 4. c4 e6 5. Nc3 Bb4 6. a3 Bxc3+ 7. bxc3 Nbd7 8.
Nf3 c5 9. Bd3 Bg6 10. Bxg6 hxg6 11. Qb3 b6 12. Ne5 Rc8 13. Qa4 Ne4 14. Nxd7
Qxd7 15. Qxd7+ Kxd7 16. Rc1 cxd4 17. cxd4 Rxc4 18. Rxc4 dxc4 19. f3 Nc3 20. Kd2
Nd5 21. Bg3 g5 22. Rc1 Rc8 23. Bf2 b5 24. g3 a5 25. e4 Ne7 26. Kc3 Kd6 27. g4
g6 28. Rb1 Kc6 29. a4 Rb8 30. Be1 f6 31. Ra1 Nc8 32. axb5+ Rxb5 33. Kxc4 Nb6+
34. Kc3 a4 35. Ra3 f5 36. Kc2 f4 37. Rc3+ Kd6 38. Ra3 Kc6 39. Rc3+ Kd6 40. Ra3
Kc6 41. Rc3+ 1/2-1/2

[Event "DVM U14 2019"]
[Site "Magdeburg GER"]
[Date "2019.12.28"]
[Round "3"]
[White "Hommer, Jeremy"]
[Black "Jahrke, Jonas"]
[Result "1-0"]
[Termination "normal"]
[Board "5.1"]
[WhiteElo "2104"]
[BlackElo "1833"]
[WhiteTeam "SC Turm Lüneburg e.V."]
[BlackTeam "SF Katernberg"]
[PlyCount "79"]
[WhiteFideId "12992577"]
[BlackFideId "12984353"]
[EventCountry "GER"]
[EventRounds "7"]
[EventType "team-swiss"]
[EventDate "2019.12.26"]

1. d4 Nf6 2. Bf4 g6 3. Nc3 d5 4. e3 Bg7 5. h4 h5 6. Nf3 Bg4 7. Qd2 c6 8. Ne5
Nbd7 9. f3 Bf5 10. O-O-O b5 11. Nxc6 Qb6 12. Nb4 O-O 13. Ncxd5 Nxd5 14. Nxd5
Qe6 15. e4 Nb6 16. Nb4 Bxe4 17. fxe4 Qxe4 18. Bxb5 Qf5 19. Bd3 Qd7 20. c3 Rfc8
21. Nc2 Qa4 22. Kb1 Nd5 23. Be4 e6 24. g4 Rc6 25. Bxd5 exd5 26. gxh5 Ra6 27.
Nb4 Re6 28. hxg6 fxg6 29. Rde1 Rb6 30. h5 a5 31. Nd3 Qb5 32. hxg6 a4 33. a3 Rf8
34. Bh6 Bxh6 35. Rxh6 Rb7 36. Reh1 Rh7 37. gxh7+ Kh8 38. Qe3 Rf5 39. Rb6 Qd7
40. Rb8+ 1-0

[Event "DVM U14 2019"]
[Site "Magdeburg GER"]
[Date "2019.12.28"]
[Round "3"]
[White "Zamhöfer, Luca"]
[Black "Bildat, Emilia"]
[Result "0-1"]
[Termination "normal"]
[Board "5.2"]
[WhiteElo "1724"]
[BlackElo "1754"]
[WhiteTeam "SF Katernberg"]
[BlackTeam "SC Turm Lüneburg e.V."]
[PlyCount "98"]
[WhiteFideId "16216040"]
[BlackFideId "16218140"]
[EventCountry "GER"]
[EventRounds "7"]
[EventType "team-swiss"]
[EventDate "2019.12.26"]

1. e4 c5 2. c3 d5 3. exd5 Qxd5 4. d4 g6 5. Be3 cxd4 6. cxd4 Bg7 7. Nc3 Qd6 8.
Nf3 Nf6 9. Rc1 Na6 10. Bc4 O-O 11. O-O b6 12. Qb3 Bb7 13. Ng5 e6 14. Rfd1 Nc7
15. Nh3 Rfd8 16. Bf4 Qe7 17. Bxc7 Qxc7 18. Nb5 Qe7 19. Nf4 a6 20. Nc3 b5 21.
Be2 Ne4 22. Bf3 Nxc3 23. Qxc3 Rac8 24. Qb3 Rxc1 25. Rxc1 Rxd4 26. Bxb7 Qxb7 27.
Nd3 Qd5 28. Qxd5 Rxd5 29. Rd1 e5 30. f3 f5 31. Kf1 e4 32. fxe4 fxe4 33. Nf2
Rxd1+ 34. Nxd1 Kf7 35. Ke2 Ke6 36. Ke3 Kd5 37. b3 g5 38. Kd2 Bd4 39. h3 Ke5 40.
g3 h5 41. Ne3 Bxe3+ 42. Kxe3 h4 43. g4 b4 44. Ke2 Kd4 45. Kd2 e3+ 46. Ke2 Ke4
47. Ke1 Kd3 48. Kd1 e2+ 49. Ke1 Ke3 0-1

[Event "DVM U14 2019"]
[Site "Magdeburg GER"]
[Date "2019.12.28"]
[Round "3"]
[White "Rasch, Lukas"]
[Black "Rennkamp, David"]
[Result "1-0"]
[Termination "normal"]
[Board "5.4"]
[WhiteElo "1596"]
[BlackElo "1395"]
[WhiteTeam "SF Katernberg"]
[BlackTeam "SC Turm Lüneburg e.V."]
[PlyCount "89"]
[WhiteFideId "16272072"]
[BlackFideId "16249526"]
[EventCountry "GER"]
[EventRounds "7"]
[EventType "team-swiss"]
[EventDate "2019.12.26"]

1. c4 e5 2. e3 Nf6 3. a3 g6 4. Nc3 c6 5. d4 e4 6. d5 d6 7. h3 Bg7 8. Nge2 O-O
9. g4 Qe7 10. Bg2 cxd5 11. cxd5 Na6 12. Ng3 Nc5 13. O-O g5 14. Qc2 Qe5 15.
Ngxe4 Ncxe4 16. Bxe4 Nxe4 17. Qxe4 h6 18. Qxe5 Bxe5 19. e4 Kh7 20. Be3 Bd7 21.
f4 gxf4 22. Bxf4 f6 23. Kg2 Rac8 24. Rf3 Rc4 25. Bxe5 dxe5 26. Rd3 Kg6 27. Kg3
Rfc8 28. Rad1 h5 29. d6 hxg4 30. hxg4 Be6 31. d7 Rd8 32. Rd6 Rc6 33. Nb5 a6 34.
Rxc6 bxc6 35. Nc7 Rxd7 36. Rxd7 Bxd7 37. Nxa6 Bc8 38. Nb4 Bd7 39. Kh4 Kh6 40.
Nd3 Kg6 41. Nc5 Bc8 42. a4 Kf7 43. a5 Ke7 44. a6 Bxa6 45. Nxa6 1-0

[Event "DVM U14 2019"]
[Site "Magdeburg GER"]
[Date "2019.12.28"]
[Round "3"]
[White "Nied, Pascal"]
[Black "Hetzner, Hannes"]
[Result "1-0"]
[Termination "normal"]
[Board "6.1"]
[WhiteElo "1717"]
[BlackElo "2000"]
[WhiteTeam "SC Untergrombach 46"]
[BlackTeam "SC Erlangen 48/88"]
[PlyCount "81"]
[WhiteFideId "16260597"]
[BlackFideId "16211936"]
[EventCountry "GER"]
[EventRounds "7"]
[EventType "team-swiss"]
[EventDate "2019.12.26"]

1. e4 e6 2. d4 d5 3. Nd2 c5 4. exd5 Qxd5 5. Ngf3 cxd4 6. Bc4 Qd7 7. O-O Nf6 8.
Nb3 Nc6 9. Nbxd4 Nxd4 10. Nxd4 a6 11. Re1 Bc5 12. c3 O-O 13. Bf4 b5 14. Bb3 Bb7
15. Be5 Bd5 16. Bxf6 gxf6 17. Nf5 Rfd8 18. Qg4+ Kf8 19. Qg7+ Ke8 20. Qh8+ Bf8
21. Qxf6 Bxb3 22. axb3 Qd5 23. Nd4 Bc5 24. Re5 Bxd4 25. cxd4 Qxd4 26. Rae1 Qd1
27. Qh8+ Ke7 28. Qxh7 Qxb3 29. Rxe6+ Qxe6 30. Rxe6+ Kxe6 31. Qe4+ Kd6 32. g3 a5
33. Qf5 b4 34. Qxf7 Kc5 35. b3 Ra6 36. Qc7+ Kd4 37. Qxd8+ Kc3 38. Qc8+ Kxb3 39.
Qxa6 a4 40. h4 a3 41. Qa5 1-0

[Event "DVM U14 2019"]
[Site "Magdeburg GER"]
[Date "2019.12.28"]
[Round "3"]
[White "Högner, Tom"]
[Black "Toth, Marc"]
[Result "0-1"]
[Termination "normal"]
[Board "6.2"]
[WhiteElo "1768"]
[BlackElo "1564"]
[WhiteTeam "SC Erlangen 48/88"]
[BlackTeam "SC Untergrombach 46"]
[PlyCount "96"]
[WhiteFideId "12995436"]
[BlackFideId "16260210"]
[EventCountry "GER"]
[EventRounds "7"]
[EventType "team-swiss"]
[EventDate "2019.12.26"]

1. e4 c6 2. d4 d5 3. e5 Bf5 4. Nf3 e6 5. c4 Bb4+ 6. Bd2 Bxd2+ 7. Qxd2 Ne7 8.
Nc3 Nd7 9. Rc1 O-O 10. b3 dxc4 11. bxc4 Nb6 12. Bd3 Bg4 13. Ng5 h6 14. h3 Bh5
15. Nh7 Re8 16. Nf6+ gxf6 17. Qxh6 Bg6 18. exf6 Nf5 19. Qg5 Qxd4 20. Be2 Qh4
21. Qxh4 Nxh4 22. g3 Nf5 23. h4 Nd4 24. h5 Bh7 25. g4 Nxe2 26. Nxe2 Be4 27. Rh4
Nd7 28. g5 Nc5 29. Rc3 Rad8 30. Nf4 Nd3+ 31. Ke2 Nxf4+ 32. Rxf4 Bf5 33. Rg3 Rf8
34. Ra3 a6 35. Rb3 Rd7 36. c5 Rfd8 37. Rfb4 Rb8 38. Rb6 Bg4+ 39. f3 Bxh5 40.
Rxc6 Rbd8 41. Rcb6 Rd2+ 42. Ke3 Rc2 43. Rxb7 Rxc5 44. f4 Rc2 45. Ke4 Re2+ 46.
Re3 Rxa2 47. f5 Ra4+ 48. Ke5 Rd5# 0-1

[Event "DVM U14 2019"]
[Site "Magdeburg GER"]
[Date "2019.12.28"]
[Round "3"]
[White "Richter, Simon"]
[Black "Wu, Wilfried"]
[Result "1/2-1/2"]
[Termination "normal"]
[Board "6.3"]
[WhiteElo "1476"]
[BlackElo "1476"]
[WhiteTeam "SC Untergrombach 46"]
[BlackTeam "SC Erlangen 48/88"]
[PlyCount "125"]
[WhiteFideId "16258347"]
[BlackFideId "16260775"]
[EventCountry "GER"]
[EventRounds "7"]
[EventType "team-swiss"]
[EventDate "2019.12.26"]

1. e4 e5 2. Nf3 Nc6 3. Bc4 Bc5 4. c3 Nf6 5. d3 d6 6. Bb3 h6 7. Bc2 O-O 8. h3 b5
9. g4 Nh7 10. Rg1 Be6 11. h4 d5 12. Qe2 dxe4 13. dxe4 Bc4 14. Qd1 Qe7 15. Bd2
Rad8 16. Qc1 Qe6 17. Bb3 Na5 18. Bd1 Nc6 19. g5 hxg5 20. Nxg5 Nxg5 21. hxg5 Qh3
22. Be2 Qh4 23. Be3 Qh2 24. Rf1 Bxe3 25. Qxe3 Bxe2 26. Kxe2 Qh5+ 27. f3 b4 28.
Nd2 Rd7 29. Rh1 Qg6 30. Rh3 f6 31. Rg1 Rfd8 32. Nb3 Kf7 33. a3 bxa3 34. bxa3 f5
35. Nc5 f4 36. Qc1 Rd2+ 37. Qxd2 Rxd2+ 38. Kxd2 Qd6+ 39. Nd3 Qxa3 40. Rc1 Ke6
41. Rhh1 Na5 42. Rc2 Nc4+ 43. Ke2 Ne3 44. Rb2 Qxc3 45. Rc1 Qa5 46. Rb7 Kd6 47.
Rbxc7 Qa2+ 48. Ke1 Ng2+ 49. Kf1 Ne3+ 50. Ke1 Qa5+ 51. Ke2 Qxc7 52. Rxc7 Kxc7
53. Nxe5 a5 54. Nd3 a4 55. Kd2 Nc4+ 56. Kc3 a3 57. Kb3 Nd2+ 58. Kxa3 Nxf3 59.
Nxf4 Nxg5 60. Kb2 Kd6 61. Nh5 g6 62. Nf4 Nxe4 63. Nxg6 1/2-1/2